Loading...
| History - World | 0 | 4 | 1 | 0 | 35 | 58 | 89.00 | 0 | 1 | 0.00 | 0.00 |
| History - European | 0 | 3 | 0 | 0 | 30 | 31 | 75.00 | 0 | 0 | 0.00 | 0.00 |
| Philosophy | 0 | 3 | 0 | 0 | 30 | 74 | 87.00 | 0 | 0 | 0.00 | 0.00 |
| History - American | 0 | 2 | 0 | 0 | 20 | 68 | 74.50 | 0 | 0 | 0.00 | 0.00 |
| Geography | 0 | 2 | 0 | 0 | 20 | 96 | 101.00 | 0 | 0 | 0.00 | 0.00 |
| History - Other | 0 | 2 | 0 | 0 | 20 | 74 | 74.00 | 0 | 0 | 0.00 | 0.00 |
| Mythology | 0 | 2 | 1 | 0 | 15 | 96 | 100.50 | 0 | 0 | 0.00 | 0.00 |
| Science - Other | 0 | 1 | 0 | 0 | 10 | 96 | 96.00 | 0 | 0 | 0.00 | 0.00 |
| Current Events | 0 | 1 | 0 | 1 | 10 | 101 | 101.00 | 0 | 0 | 0.00 | 0.00 |
| Fine Arts - Other | 0 | 0 | 1 | 0 | -5 | 0.00 | 0 | 0 | 0.00 | 0.00 |